000 00640nam a22002177a 4500
003 UA-OsUOA
001 56904
007 ta
008 20081117b un ||||| |||| 00| 0 ukr d
100 _aСтепанюк Є.
090 _a330(477)
_bС-12
942 _cSA
040 _aUA-OsUOA
_bukr
_cUA-OsUOA
_dUA-OsUOA
245 _aФінансові дисбаланси на світових ринках та антикризова політика центральних банків
300 _aС.67-81
955 _a0
041 _aukr
080 _a330(477)
773 0 _w56900
650 7 _a330 Економіка взагалі
_2UDC
999 _c342988
_d342988